Filozófiai műfajok, különös tekintettel Heideggerre
Elmentve itt :
| Szerző: | |
|---|---|
| Adatforrás: | Philobibl |
| Forrásdokumentuma: | Híd 74.2010:2. p. 39-52. |
| Dokumentumtípus: | Cikk |
| Nyelv: | magyar |
| Kulcsszavak: | filozófia argumnetáció Heidegger lételmélet lelkiismeret kategóriák |
| LEADER | 00466nab a2200169 c 4500 | ||
|---|---|---|---|
| 001 | bibPHI0038091 | ||
| 005 | 20200924123925.5 | ||
| 008 | 100531s2010 yu hun | ||
| 100 | 1 | |a Heller Ágnes | |
| 245 | 1 | 0 | |a Filozófiai műfajok, különös tekintettel Heideggerre |c Heller Ágnes |
| 695 | |a filozófia | ||
| 695 | |a argumnetáció | ||
| 695 | |a Heidegger | ||
| 695 | |a lételmélet | ||
| 695 | |a lelkiismeret | ||
| 695 | |a kategóriák | ||
| 773 | 0 | |t Híd |g 74.2010:2. p. 39-52. | |